[Event "Chessable Masters - Torneo preliminare"]
[White "Tan, Zhongyi"]
[Black "Michalik, Peter"]
[WhiteFideId "8603642"]
[BlackFideId "14907526"]
[WhiteElo "2517"]
[BlackElo "2526"]
[Result "0-1"]
[Round "2"]
[TimeControl "600+2"]
[Date "2023.03.13"]
[WhiteClock "0:00:03"]
[BlackClock "0:00:12"]

1. d4 {[%clk 0:10:01]}  Nf6 {[%clk 0:09:39]} 2. c4 {[%clk 0:09:59]}  e6 {[%clk 0:09:40]} 3. Nf3 {[%clk 0:09:51]}  d5 {[%clk 0:09:40]} 4. Nc3 {[%clk 0:09:49]}  c5 {[%clk 0:09:35]} 5. cxd5 {[%clk 0:09:44]}  cxd4 {[%clk 0:09:34]} 6. Qxd4 {[%clk 0:09:27]}  exd5 {[%clk 0:09:34]} 7. Bg5 {[%clk 0:09:27]}  Be7 {[%clk 0:09:18]} 8. e3 {[%clk 0:09:28]}  O-O {[%clk 0:09:17]} 9. Be2 {[%clk 0:09:24]}  h6 {[%clk 0:09:17]} 10. Bh4 {[%clk 0:09:24]}  Nc6 {[%clk 0:09:18]} 11. Qd3 {[%clk 0:09:23]}  Qb6 {[%clk 0:08:40]} 12. O-O {[%clk 0:09:16]}  Be6 {[%clk 0:08:36]} 13. a3 {[%clk 0:09:13]}  Rfd8 {[%clk 0:08:30]} 14. Rfd1 {[%clk 0:09:14]}  a6 {[%clk 0:08:24]} 15. b4 {[%clk 0:09:04]}  Rac8 {[%clk 0:08:18]} 16. Rac1 {[%clk 0:09:03]}  Qa7 {[%clk 0:07:18]} 17. b5 {[%clk 0:08:14]}  axb5 {[%clk 0:07:13]} 18. Nxb5 {[%clk 0:08:15]}  Qa5 {[%clk 0:07:02]} 19. Nfd4 {[%clk 0:06:59]}  Nxd4 {[%clk 0:07:01]} 20. Nxd4 {[%clk 0:07:01]}  Rxc1 {[%clk 0:06:35]} 21. Rxc1 {[%clk 0:07:03]}  Qxa3 {[%clk 0:06:35]} 22. Qb1 {[%clk 0:06:41]}  Ne4 {[%clk 0:06:29]} 23. Nb5 {[%clk 0:06:11]}  Qxc1+ {[%clk 0:05:15]} 24. Qxc1 {[%clk 0:06:13]}  Bxh4 {[%clk 0:05:16]} 25. g3 {[%clk 0:06:06]}  Rc8 {[%clk 0:05:08]} 26. Qa3 {[%clk 0:05:16]}  Bf6 {[%clk 0:04:59]} 27. Bd3 {[%clk 0:03:51]}  Bh3 {[%clk 0:04:20]} 28. f3 {[%clk 0:03:46]}  Be7 {[%clk 0:03:46]} 29. Qb2 {[%clk 0:03:17]}  Bf6 {[%clk 0:03:44]} 30. Nd4 {[%clk 0:03:09]}  Nc5 {[%clk 0:03:37]} 31. Bc2 {[%clk 0:02:58]}  Ne6 {[%clk 0:03:28]} 32. Bd3 {[%clk 0:02:21]}  g6 {[%clk 0:02:33]} 33. Kf2 {[%clk 0:02:05]}  h5 {[%clk 0:02:11]} 34. Qb6 {[%clk 0:01:53]}  Rc3 {[%clk 0:01:58]} 35. Nxe6 {[%clk 0:01:23]}  Bxe6 {[%clk 0:01:34]} 36. Bxg6 {[%clk 0:01:17]}  d4 {[%clk 0:01:29]} 37. exd4 {[%clk 0:01:03]}  Rc4 {[%clk 0:01:21]} 38. Kg2 {[%clk 0:00:54]}  Rxd4 {[%clk 0:00:39]} 39. Bf5 {[%clk 0:00:17]}  Rd2+ {[%clk 0:00:38]} 40. Kh1 {[%clk 0:00:14]}  Bd8 {[%clk 0:00:19]} 41. Qb1 {[%clk 0:00:12]}  Bc4 {[%clk 0:00:09]} 42. Bh7+ {[%clk 0:00:10]}  Kg7 {[%clk 0:00:10]} 43. Be4 {[%clk 0:00:08]}  Be2 {[%clk 0:00:11]} 44. Qa1+ {[%clk 0:00:08]}  Bf6 {[%clk 0:00:12]} 45. Qa5 {[%clk 0:00:04]}  Rd1+ {[%clk 0:00:09]} 46. Kg2 {[%clk 0:00:05]}  Bf1+ {[%clk 0:00:10]} 47. Kg1 {[%clk 0:00:03]}  Bd4+ {[%clk 0:00:11]} 48. Kh1 {[%clk 0:00:03]}  Bh3+ {[%clk 0:00:12]} 0-1


[Site "Internet"]

[Event "Chessable Masters - Torneo preliminare"]
[White "Andreikin, Dmitry"]
[Black "Hammer, Jon Ludvig"]
[WhiteFideId "4158814"]
[BlackFideId "1503707"]
[WhiteElo "2628"]
[BlackElo "2647"]
[Result "1-0"]
[Round "2"]
[TimeControl "600+2"]
[Date "2023.03.13"]
[WhiteClock "0:04:27"]
[BlackClock "0:00:02"]

1. c4 {[%clk 0:10:01]}  e6 {[%clk 0:09:55]} 2. Nc3 {[%clk 0:10:00]}  d5 {[%clk 0:09:56]} 3. d4 {[%clk 0:10:01]}  Nf6 {[%clk 0:09:56]} 4. cxd5 {[%clk 0:10:00]}  exd5 {[%clk 0:09:57]} 5. Bg5 {[%clk 0:10:01]}  c6 {[%clk 0:09:58]} 6. e3 {[%clk 0:10:01]}  Bf5 {[%clk 0:09:59]} 7. Qf3 {[%clk 0:10:02]}  Bg6 {[%clk 0:10:00]} 8. Bxf6 {[%clk 0:10:02]}  Qxf6 {[%clk 0:10:01]} 9. Qxf6 {[%clk 0:10:03]}  gxf6 {[%clk 0:10:03]} 10. Nf3 {[%clk 0:09:58]}  Nd7 {[%clk 0:10:03]} 11. Nh4 {[%clk 0:09:56]}  Be7 {[%clk 0:10:04]} 12. g3 {[%clk 0:09:56]}  Nb6 {[%clk 0:09:51]} 13. O-O-O {[%clk 0:09:47]}  Nc8 {[%clk 0:09:45]} 14. Bd3 {[%clk 0:09:38]}  Bxd3 {[%clk 0:09:45]} 15. Rxd3 {[%clk 0:09:38]}  Nd6 {[%clk 0:09:47]} 16. Kc2 {[%clk 0:09:09]}  f5 {[%clk 0:09:44]} 17. Ng2 {[%clk 0:09:09]}  h5 {[%clk 0:09:44]} 18. h4 {[%clk 0:09:07]}  Ne4 {[%clk 0:09:45]} 19. Rf1 {[%clk 0:09:05]}  Bd6 {[%clk 0:09:44]} 20. Ne2 {[%clk 0:09:04]}  Kd7 {[%clk 0:09:28]} 21. Nef4 {[%clk 0:09:03]}  a5 {[%clk 0:09:16]} 22. a4 {[%clk 0:09:00]}  Ra6 {[%clk 0:08:15]} 23. Rb3 {[%clk 0:08:54]}  Kc7 {[%clk 0:07:52]} 24. Kd3 {[%clk 0:08:51]}  Rb6 {[%clk 0:07:48]} 25. Rxb6 {[%clk 0:08:50]}  Kxb6 {[%clk 0:07:48]} 26. Ke2 {[%clk 0:08:51]}  Kc7 {[%clk 0:07:47]} 27. Rc1 {[%clk 0:08:51]}  Kd7 {[%clk 0:07:47]} 28. Nd3 {[%clk 0:08:48]}  Ke7 {[%clk 0:07:24]} 29. Ngf4 {[%clk 0:08:48]}  Nf6 {[%clk 0:07:04]} 30. Rc3 {[%clk 0:08:34]}  Rb8 {[%clk 0:06:58]} 31. Rb3 {[%clk 0:08:10]}  Bxf4 {[%clk 0:06:35]} 32. Nxf4 {[%clk 0:08:08]}  b5 {[%clk 0:06:25]} 33. Kf3 {[%clk 0:07:34]}  Ne4 {[%clk 0:06:07]} 34. Ke2 {[%clk 0:07:34]}  Nf6 {[%clk 0:06:07]} 35. Nd3 {[%clk 0:07:24]}  Nd7 {[%clk 0:06:06]} 36. Ra3 {[%clk 0:07:11]}  bxa4 {[%clk 0:05:44]} 37. Rxa4 {[%clk 0:07:11]}  Rb5 {[%clk 0:05:44]} 38. b4 {[%clk 0:06:46]}  axb4 {[%clk 0:05:46]} 39. Nxb4 {[%clk 0:06:44]}  Kd6 {[%clk 0:05:34]} 40. Nd3 {[%clk 0:06:43]}  Rb7 {[%clk 0:04:45]} 41. Ra8 {[%clk 0:06:36]}  Nf6 {[%clk 0:04:25]} 42. Kf3 {[%clk 0:06:18]}  Ne4 {[%clk 0:04:18]} 43. Ra2 {[%clk 0:05:19]}  Rb3 {[%clk 0:03:16]} 44. Nf4 {[%clk 0:05:17]}  Nf6 {[%clk 0:02:32]} 45. Ra7 {[%clk 0:05:13]}  Rb2 {[%clk 0:01:55]} 46. Rxf7 {[%clk 0:05:12]}  Ne4 {[%clk 0:01:56]} 47. Nh3 {[%clk 0:05:10]}  Ke6 {[%clk 0:01:32]} 48. Rh7 {[%clk 0:05:03]}  Nf6 {[%clk 0:01:05]} 49. Rc7 {[%clk 0:05:02]}  Rc2 {[%clk 0:01:00]} 50. Kf4 {[%clk 0:04:56]}  Ne4 {[%clk 0:00:39]} 51. f3 {[%clk 0:04:46]}  Nd6 {[%clk 0:00:04]} 52. Ng5+ {[%clk 0:04:30]}  Kf6 {[%clk 0:00:05]} 53. Nh7+ {[%clk 0:04:31]}  Ke6 {[%clk 0:00:05]} 54. Nf8+ {[%clk 0:04:32]}  Kf6 {[%clk 0:00:06]} 55. Nd7+ {[%clk 0:04:34]}  Ke6 {[%clk 0:00:07]} 56. Nc5+ {[%clk 0:04:33]}  Kf6 {[%clk 0:00:09]} 57. Rxc6 {[%clk 0:04:33]}  Ke7 {[%clk 0:00:08]} 58. Rc7+ {[%clk 0:04:28]}  Ke8 {[%clk 0:00:10]} 59. Rh7 {[%clk 0:04:27]}  Re2 {[%clk 0:00:02]} 60. Rxh5 {[%clk 0:04:27]} 1-0


[Site "Internet"]

[Event "Chessable Masters - Torneo preliminare"]
[White "Rustemov, Alexander"]
[Black "Vachier-Lagrave, Maxime"]
[WhiteFideId "4119002"]
[BlackFideId "623539"]
[WhiteElo "2494"]
[BlackElo "2762"]
[Result "0-1"]
[Round "2"]
[TimeControl "600+2"]
[Date "2023.03.13"]
[WhiteClock "0:00:25"]
[BlackClock "0:05:42"]

1. d4 {[%clk 0:10:01]}  Nf6 {[%clk 0:09:58]} 2. c4 {[%clk 0:10:01]}  e6 {[%clk 0:09:59]} 3. Nf3 {[%clk 0:10:01]}  d5 {[%clk 0:09:55]} 4. Nc3 {[%clk 0:09:48]}  Bb4 {[%clk 0:09:55]} 5. Bg5 {[%clk 0:09:47]}  h6 {[%clk 0:09:55]} 6. Bxf6 {[%clk 0:09:48]}  Qxf6 {[%clk 0:09:56]} 7. e3 {[%clk 0:09:50]}  O-O {[%clk 0:09:51]} 8. Qb3 {[%clk 0:09:49]}  c5 {[%clk 0:09:39]} 9. cxd5 {[%clk 0:09:49]}  exd5 {[%clk 0:09:40]} 10. dxc5 {[%clk 0:09:50]}  Nc6 {[%clk 0:09:39]} 11. O-O-O {[%clk 0:09:50]}  Bxc5 {[%clk 0:09:16]} 12. Nxd5 {[%clk 0:09:46]}  Qd8 {[%clk 0:09:16]} 13. Kb1 {[%clk 0:09:17]}  Be6 {[%clk 0:09:07]} 14. Bc4 {[%clk 0:09:12]}  Na5 {[%clk 0:08:51]} 15. Qd3 {[%clk 0:08:35]}  Nxc4 {[%clk 0:08:17]} 16. Qxc4 {[%clk 0:08:35]}  Rc8 {[%clk 0:08:19]} 17. Qd3 {[%clk 0:06:12]}  Qa5 {[%clk 0:08:15]} 18. Qd2 {[%clk 0:04:37]}  Qa4 {[%clk 0:07:39]} 19. Nc3 {[%clk 0:04:28]}  Qa6 {[%clk 0:07:36]} 20. Nd4 {[%clk 0:04:13]}  Rfd8 {[%clk 0:07:35]} 21. Qc2 {[%clk 0:03:57]}  Bxd4 {[%clk 0:07:33]} 22. Rxd4 {[%clk 0:03:38]}  Rxd4 {[%clk 0:07:32]} 23. exd4 {[%clk 0:03:38]}  Bxa2+ {[%clk 0:07:34]} 24. Kc1 {[%clk 0:03:33]}  b5 {[%clk 0:06:00]} 25. Kd2 {[%clk 0:02:31]}  Qf6 {[%clk 0:05:59]} 26. Qe4 {[%clk 0:01:49]}  Qxf2+ {[%clk 0:05:56]} 27. Ne2 {[%clk 0:01:48]}  Bb3 {[%clk 0:05:45]} 28. Qf3 {[%clk 0:00:24]}  Rc2+ {[%clk 0:05:42]} 29. Kd3 {[%clk 0:00:25]}  Rxe2 {[%clk 0:05:42]} 0-1


[Site "Internet"]

[Event "Chessable Masters - Torneo preliminare"]
[White "Aronian, Levon"]
[Black "Tari, Aryan"]
[WhiteFideId "13300474"]
[BlackFideId "1510045"]
[WhiteElo "2720"]
[BlackElo "2539"]
[Result "1-0"]
[Round "2"]
[TimeControl "600+2"]
[Date "2023.03.13"]
[WhiteClock "0:05:33"]
[BlackClock "0:03:08"]

1. e4 {[%clk 0:10:01]}  c6 {[%clk 0:09:48]} 2. Nf3 {[%clk 0:09:57]}  d5 {[%clk 0:09:49]} 3. d3 {[%clk 0:09:58]}  dxe4 {[%clk 0:09:48]} 4. dxe4 {[%clk 0:09:59]}  Qxd1+ {[%clk 0:09:49]} 5. Kxd1 {[%clk 0:10:01]}  Nf6 {[%clk 0:09:49]} 6. Nbd2 {[%clk 0:10:02]}  g6 {[%clk 0:09:20]} 7. Ne1 {[%clk 0:09:55]}  Bg7 {[%clk 0:09:17]} 8. f3 {[%clk 0:09:55]}  b6 {[%clk 0:08:39]} 9. a4 {[%clk 0:09:49]}  Nfd7 {[%clk 0:08:10]} 10. a5 {[%clk 0:09:42]}  b5 {[%clk 0:08:10]} 11. Nb3 {[%clk 0:09:12]}  Na6 {[%clk 0:07:49]} 12. c3 {[%clk 0:08:47]}  Ndc5 {[%clk 0:07:07]} 13. Nxc5 {[%clk 0:08:46]}  Nxc5 {[%clk 0:07:07]} 14. Be3 {[%clk 0:08:48]}  Ne6 {[%clk 0:06:44]} 15. Nd3 {[%clk 0:08:12]}  a6 {[%clk 0:06:11]} 16. Be2 {[%clk 0:08:07]}  Bb7 {[%clk 0:05:37]} 17. Kc2 {[%clk 0:08:02]}  O-O-O {[%clk 0:05:21]} 18. Rad1 {[%clk 0:07:06]}  f5 {[%clk 0:04:44]} 19. exf5 {[%clk 0:06:49]}  gxf5 {[%clk 0:04:45]} 20. Rhe1 {[%clk 0:06:50]}  Bf6 {[%clk 0:04:41]} 21. Nc5 {[%clk 0:06:33]}  Nxc5 {[%clk 0:04:35]} 22. Bxc5 {[%clk 0:06:35]}  Rxd1 {[%clk 0:04:29]} 23. Bxd1 {[%clk 0:06:30]}  Kd7 {[%clk 0:04:23]} 24. f4 {[%clk 0:06:29]}  Ke8 {[%clk 0:04:20]} 25. Bh5+ {[%clk 0:06:22]}  Kd8 {[%clk 0:04:18]} 26. Rd1+ {[%clk 0:06:03]}  Kc7 {[%clk 0:03:54]} 27. Re1 {[%clk 0:06:02]}  Kd8 {[%clk 0:03:51]} 28. Bf7 {[%clk 0:06:02]}  Rf8 {[%clk 0:03:08]} 29. Be6 {[%clk 0:05:59]}  Kc7 {[%clk 0:03:09]} 30. Bxf5 {[%clk 0:05:51]}  Bh4 {[%clk 0:03:09]} 31. Re5 {[%clk 0:05:46]}  Bc8 {[%clk 0:03:10]} 32. Bxc8 {[%clk 0:05:40]}  Kxc8 {[%clk 0:03:12]} 33. g3 {[%clk 0:05:33]}  Bf6 {[%clk 0:03:08]} 34. Bxe7 {[%clk 0:05:33]} 1-0


[Site "Internet"]

[Event "Chessable Masters - Torneo preliminare"]
[White "Yu, Yangyi"]
[Black "Mitrabha, Guha"]
[WhiteFideId "8603820"]
[BlackFideId "5057000"]
[WhiteElo "2734"]
[BlackElo "2401"]
[Result "0-1"]
[Round "2"]
[TimeControl "600+2"]
[Date "2023.03.13"]
[WhiteClock "0:00:02"]
[BlackClock "0:01:13"]

1. Nf3 {[%clk 0:09:26]}  Nf6 {[%clk 0:09:59]} 2. g3 {[%clk 0:09:25]}  b6 {[%clk 0:09:52]} 3. Bg2 {[%clk 0:09:25]}  Bb7 {[%clk 0:09:54]} 4. O-O {[%clk 0:09:22]}  c5 {[%clk 0:09:55]} 5. c4 {[%clk 0:09:19]}  g6 {[%clk 0:09:55]} 6. b3 {[%clk 0:09:08]}  Bg7 {[%clk 0:09:56]} 7. Bb2 {[%clk 0:09:08]}  O-O {[%clk 0:09:57]} 8. d4 {[%clk 0:08:56]}  cxd4 {[%clk 0:09:00]} 9. Qxd4 {[%clk 0:08:56]}  d6 {[%clk 0:09:01]} 10. Nc3 {[%clk 0:08:46]}  Nbd7 {[%clk 0:09:01]} 11. Ne1 {[%clk 0:08:36]}  Qc8 {[%clk 0:08:46]} 12. Rc1 {[%clk 0:08:11]}  Ne4 {[%clk 0:07:44]} 13. Qe3 {[%clk 0:08:05]}  Nxc3 {[%clk 0:07:39]} 14. Bxc3 {[%clk 0:08:06]}  Bxc3 {[%clk 0:07:38]} 15. Rxc3 {[%clk 0:08:08]}  Bxg2 {[%clk 0:07:28]} 16. Nxg2 {[%clk 0:08:10]}  Re8 {[%clk 0:07:27]} 17. Nf4 {[%clk 0:08:09]}  Nf6 {[%clk 0:07:20]} 18. Qf3 {[%clk 0:08:06]}  Qf5 {[%clk 0:07:15]} 19. Rd1 {[%clk 0:08:02]}  Rac8 {[%clk 0:07:13]} 20. h4 {[%clk 0:07:38]}  b5 {[%clk 0:06:59]} 21. cxb5 {[%clk 0:06:08]}  Rxc3 {[%clk 0:06:47]} 22. Qxc3 {[%clk 0:06:10]}  Qxb5 {[%clk 0:06:49]} 23. Rc1 {[%clk 0:06:07]}  a5 {[%clk 0:06:35]} 24. Qc6 {[%clk 0:05:57]}  Rb8 {[%clk 0:06:31]} 25. Qxb5 {[%clk 0:05:22]}  Rxb5 {[%clk 0:06:33]} 26. Rc8+ {[%clk 0:05:23]}  Kg7 {[%clk 0:06:33]} 27. Rc7 {[%clk 0:05:25]}  Kf8 {[%clk 0:06:28]} 28. Ra7 {[%clk 0:05:16]}  Ne4 {[%clk 0:06:17]} 29. a4 {[%clk 0:04:50]}  Rxb3 {[%clk 0:05:47]} 30. Rxa5 {[%clk 0:04:51]}  e6 {[%clk 0:05:45]} 31. Ra7 {[%clk 0:04:30]}  Ra3 {[%clk 0:05:37]} 32. a5 {[%clk 0:04:30]}  Nc5 {[%clk 0:05:30]} 33. Kg2 {[%clk 0:03:42]}  Kg7 {[%clk 0:05:29]} 34. Nh3 {[%clk 0:03:14]}  h6 {[%clk 0:05:29]} 35. Nf4 {[%clk 0:03:15]}  Kf6 {[%clk 0:05:29]} 36. Ra8 {[%clk 0:03:08]}  Ra2 {[%clk 0:05:20]} 37. Kf1 {[%clk 0:02:55]}  Kf5 {[%clk 0:04:49]} 38. Ra7 {[%clk 0:02:52]}  Kf6 {[%clk 0:04:48]} 39. Ra8 {[%clk 0:02:52]}  Kf5 {[%clk 0:04:09]} 40. f3 {[%clk 0:02:53]}  g5 {[%clk 0:03:54]} 41. hxg5 {[%clk 0:02:53]}  hxg5 {[%clk 0:03:56]} 42. Ng2 {[%clk 0:02:41]}  Ke5 {[%clk 0:03:40]} 43. Ne3 {[%clk 0:02:37]}  d5 {[%clk 0:03:34]} 44. Rg8 {[%clk 0:02:04]}  Kd4 {[%clk 0:03:33]} 45. Ng2 {[%clk 0:01:50]}  f6 {[%clk 0:03:26]} 46. Rf8 {[%clk 0:01:38]}  Ke5 {[%clk 0:03:26]} 47. Ne3 {[%clk 0:00:57]}  f5 {[%clk 0:03:25]} 48. Rg8 {[%clk 0:00:58]}  Nb3 {[%clk 0:03:14]} 49. Rxg5 {[%clk 0:00:53]}  Nd4 {[%clk 0:03:12]} 50. a6 {[%clk 0:00:38]}  Rxe2 {[%clk 0:02:54]} 51. Ng4+ {[%clk 0:00:08]}  Kd6 {[%clk 0:02:53]} 52. Nf6 {[%clk 0:00:07]}  Ra2 {[%clk 0:02:44]} 53. Ne8+ {[%clk 0:00:07]}  Ke5 {[%clk 0:02:43]} 54. Nc7 {[%clk 0:00:06]}  Nxf3 {[%clk 0:02:38]} 55. Rg6 {[%clk 0:00:07]}  Nd4 {[%clk 0:02:39]} 56. Rh6 {[%clk 0:00:06]}  Kd6 {[%clk 0:02:33]} 57. Rh7 {[%clk 0:00:04]}  Kc6 {[%clk 0:02:14]} 58. Re7 {[%clk 0:00:05]}  e5 {[%clk 0:02:05]} 59. Ne8 {[%clk 0:00:03]}  e4 {[%clk 0:01:55]} 60. a7 {[%clk 0:00:04]}  Nb5 {[%clk 0:01:51]} 61. Re6+ {[%clk 0:00:04]}  Kc5 {[%clk 0:01:48]} 62. Nf6 {[%clk 0:00:04]}  Rxa7 {[%clk 0:01:48]} 63. Re5 {[%clk 0:00:06]}  Nc3 {[%clk 0:01:43]} 64. Rxf5 {[%clk 0:00:07]}  Kd4 {[%clk 0:01:38]} 65. Ng4 {[%clk 0:00:08]}  Ra2 {[%clk 0:01:18]} 66. Rf4 {[%clk 0:00:09]}  Nd1 {[%clk 0:01:10]} 67. Ke1 {[%clk 0:00:09]}  Ne3 {[%clk 0:01:08]} 68. Nxe3 {[%clk 0:00:03]}  Kxe3 {[%clk 0:01:09]} 69. Kf1 {[%clk 0:00:04]}  d4 {[%clk 0:01:10]} 70. Rf8 {[%clk 0:00:05]}  d3 {[%clk 0:01:11]} 71. Rd8 {[%clk 0:00:02]}  d2 {[%clk 0:01:12]} 72. Kg2 {[%clk 0:00:02]}  d1=Q+ {[%clk 0:01:13]} 0-1


[Site "Internet"]

[Event "Chessable Masters - Torneo preliminare"]
[White "Makarian, Rudik"]
[Black "Santos Ruiz, Miguel"]
[WhiteFideId "44105681"]
[BlackFideId "22291482"]
[WhiteElo "2462"]
[BlackElo "2491"]
[Result "1-0"]
[Round "2"]
[TimeControl "600+2"]
[Date "2023.03.13"]
[WhiteClock "0:04:16"]
[BlackClock "0:01:30"]

1. d4 {[%clk 0:10:01]}  Nf6 {[%clk 0:09:51]} 2. c4 {[%clk 0:10:03]}  e6 {[%clk 0:09:52]} 3. Nf3 {[%clk 0:10:05]}  d5 {[%clk 0:09:53]} 4. Nc3 {[%clk 0:10:06]}  Bb4 {[%clk 0:09:53]} 5. Qa4+ {[%clk 0:10:08]}  Nc6 {[%clk 0:09:54]} 6. Bd2 {[%clk 0:10:10]}  O-O {[%clk 0:09:53]} 7. a3 {[%clk 0:10:11]}  Bxc3 {[%clk 0:09:53]} 8. Bxc3 {[%clk 0:10:13]}  Ne4 {[%clk 0:09:48]} 9. Qc2 {[%clk 0:10:01]}  e5 {[%clk 0:08:34]} 10. cxd5 {[%clk 0:09:16]}  Qxd5 {[%clk 0:08:32]} 11. dxe5 {[%clk 0:09:05]}  Bf5 {[%clk 0:08:13]} 12. Nh4 {[%clk 0:07:27]}  Nxf2 {[%clk 0:06:05]} 13. e4 {[%clk 0:05:58]}  Nxh1 {[%clk 0:05:41]} 14. exd5 {[%clk 0:05:32]}  Bxc2 {[%clk 0:05:43]} 15. dxc6 {[%clk 0:05:34]}  Be4 {[%clk 0:05:19]} 16. cxb7 {[%clk 0:05:29]}  Bxb7 {[%clk 0:05:20]} 17. Bc4 {[%clk 0:05:28]}  Rad8 {[%clk 0:03:46]} 18. Ke2 {[%clk 0:05:23]}  Bd5 {[%clk 0:02:46]} 19. Bxd5 {[%clk 0:05:22]}  Rxd5 {[%clk 0:02:48]} 20. Rxh1 {[%clk 0:05:24]}  f6 {[%clk 0:02:43]} 21. Nf5 {[%clk 0:04:58]}  Re8 {[%clk 0:02:22]} 22. Ne3 {[%clk 0:05:00]}  Rb5 {[%clk 0:01:57]} 23. exf6 {[%clk 0:04:59]}  gxf6 {[%clk 0:01:59]} 24. Kf3 {[%clk 0:04:59]}  Re6 {[%clk 0:01:58]} 25. Rd1 {[%clk 0:04:58]}  Kf7 {[%clk 0:01:55]} 26. Rd4 {[%clk 0:04:42]}  h5 {[%clk 0:01:52]} 27. Rc4 {[%clk 0:04:38]}  c6 {[%clk 0:01:52]} 28. h3 {[%clk 0:04:35]}  Rb8 {[%clk 0:01:48]} 29. Ra4 {[%clk 0:04:34]}  Rb7 {[%clk 0:01:43]} 30. Ra5 {[%clk 0:04:29]}  Kg6 {[%clk 0:01:42]} 31. g3 {[%clk 0:04:28]}  Rd7 {[%clk 0:01:42]} 32. Ng2 {[%clk 0:04:25]}  Re8 {[%clk 0:01:26]} 33. Nf4+ {[%clk 0:04:26]}  Kg7 {[%clk 0:01:28]} 34. Nxh5+ {[%clk 0:04:23]}  Kg6 {[%clk 0:01:29]} 35. Nf4+ {[%clk 0:04:24]}  Kf7 {[%clk 0:01:29]} 36. Rf5 {[%clk 0:04:23]}  Rd6 {[%clk 0:01:30]} 37. g4 {[%clk 0:04:16]} 1-0


[Site "Internet"]

[Event "Chessable Masters - Torneo preliminare"]
[White "Xu, Yinglun"]
[Black "Vokhidov, Shamsiddin"]
[WhiteFideId "8604940"]
[BlackFideId "14204223"]
[WhiteElo "2523"]
[BlackElo "2514"]
[Result "0-1"]
[Round "2"]
[TimeControl "600+2"]
[Date "2023.03.13"]
[WhiteClock "0:00:06"]
[BlackClock "0:01:24"]

1. c4 {[%clk 0:09:57]}  e5 {[%clk 0:09:57]} 2. Nc3 {[%clk 0:09:56]}  Nf6 {[%clk 0:09:58]} 3. Nf3 {[%clk 0:09:56]}  Nc6 {[%clk 0:09:59]} 4. g3 {[%clk 0:09:57]}  Bb4 {[%clk 0:10:00]} 5. Bg2 {[%clk 0:09:54]}  O-O {[%clk 0:10:00]} 6. Nd5 {[%clk 0:09:55]}  Bc5 {[%clk 0:10:00]} 7. O-O {[%clk 0:09:55]}  d6 {[%clk 0:10:01]} 8. e3 {[%clk 0:09:53]}  Bb6 {[%clk 0:10:02]} 9. a4 {[%clk 0:09:30]}  Be6 {[%clk 0:09:57]} 10. Ng5 {[%clk 0:08:13]}  Bf5 {[%clk 0:09:57]} 11. d3 {[%clk 0:06:46]}  Nxd5 {[%clk 0:09:34]} 12. cxd5 {[%clk 0:06:45]}  Nb4 {[%clk 0:09:07]} 13. e4 {[%clk 0:03:59]}  Bd7 {[%clk 0:09:06]} 14. a5 {[%clk 0:04:00]}  Bc5 {[%clk 0:09:07]} 15. Kh1 {[%clk 0:03:14]}  h6 {[%clk 0:08:37]} 16. Nf3 {[%clk 0:03:12]}  f5 {[%clk 0:08:36]} 17. Be3 {[%clk 0:02:39]}  Bxe3 {[%clk 0:07:26]} 18. fxe3 {[%clk 0:02:40]}  fxe4 {[%clk 0:06:23]} 19. dxe4 {[%clk 0:02:40]}  Bb5 {[%clk 0:06:19]} 20. Rf2 {[%clk 0:02:37]}  Nd3 {[%clk 0:05:14]} 21. Rc2 {[%clk 0:02:02]}  Nc5 {[%clk 0:05:07]} 22. Nxe5 {[%clk 0:01:47]}  Nb3 {[%clk 0:05:04]} 23. Ra3 {[%clk 0:00:52]}  dxe5 {[%clk 0:05:04]} 24. Rc3 {[%clk 0:00:53]}  Rf2 {[%clk 0:04:11]} 25. Raxb3 {[%clk 0:00:49]}  a6 {[%clk 0:03:54]} 26. Rc5 {[%clk 0:00:49]}  Ba4 {[%clk 0:03:41]} 27. Qe1 {[%clk 0:00:49]}  Rxg2 {[%clk 0:03:41]} 28. Kxg2 {[%clk 0:00:27]}  Bxb3 {[%clk 0:03:42]} 29. Qc3 {[%clk 0:00:25]}  Bd1 {[%clk 0:03:37]} 30. Qxe5 {[%clk 0:00:26]}  Qf8 {[%clk 0:03:15]} 31. Rxc7 {[%clk 0:00:05]}  Qf3+ {[%clk 0:03:15]} 32. Kg1 {[%clk 0:00:06]}  Qxe3+ {[%clk 0:03:07]} 33. Kg2 {[%clk 0:00:07]}  Qe2+ {[%clk 0:01:35]} 34. Kg1 {[%clk 0:00:06]}  Qg4 {[%clk 0:01:24]} 0-1


[Site "Internet"]

[Event "Chessable Masters - Torneo preliminare"]
[White "Lenderman, Aleksandr"]
[Black "Vallejo Pons, Francisco"]
[WhiteFideId "2021285"]
[BlackFideId "2205530"]
[WhiteElo "2646"]
[BlackElo "2662"]
[Result "0-1"]
[Round "2"]
[TimeControl "600+2"]
[Date "2023.03.13"]
[WhiteClock "0:00:40"]
[BlackClock "0:00:09"]

1. Nf3 {[%clk 0:10:01]}  e6 {[%clk 0:09:42]} 2. g3 {[%clk 0:09:58]}  b5 {[%clk 0:09:42]} 3. e3 {[%clk 0:09:56]}  c6 {[%clk 0:09:15]} 4. Bg2 {[%clk 0:09:43]}  d5 {[%clk 0:09:15]} 5. O-O {[%clk 0:09:43]}  Nf6 {[%clk 0:09:13]} 6. d4 {[%clk 0:09:34]}  Nbd7 {[%clk 0:09:08]} 7. Qe2 {[%clk 0:09:17]}  a5 {[%clk 0:08:41]} 8. Nbd2 {[%clk 0:09:16]}  Ba6 {[%clk 0:08:28]} 9. Rd1 {[%clk 0:09:10]}  b4 {[%clk 0:08:17]} 10. Qe1 {[%clk 0:09:11]}  Be7 {[%clk 0:08:08]} 11. e4 {[%clk 0:09:08]}  O-O {[%clk 0:08:07]} 12. h4 {[%clk 0:07:50]}  h6 {[%clk 0:07:40]} 13. e5 {[%clk 0:07:38]}  Nh7 {[%clk 0:07:37]} 14. Nf1 {[%clk 0:07:37]}  c5 {[%clk 0:07:36]} 15. dxc5 {[%clk 0:07:37]}  Bxc5 {[%clk 0:07:12]} 16. Bf4 {[%clk 0:07:18]}  Qb6 {[%clk 0:06:40]} 17. Ne3 {[%clk 0:07:08]}  Rfc8 {[%clk 0:06:25]} 18. g4 {[%clk 0:06:48]}  Ndf8 {[%clk 0:05:41]} 19. h5 {[%clk 0:06:31]}  Rc6 {[%clk 0:05:33]} 20. Rac1 {[%clk 0:06:14]}  Rac8 {[%clk 0:05:30]} 21. Bf1 {[%clk 0:05:55]}  a4 {[%clk 0:03:39]} 22. Bd3 {[%clk 0:05:40]}  Bxd3 {[%clk 0:03:13]} 23. cxd3 {[%clk 0:05:41]}  b3 {[%clk 0:03:13]} 24. a3 {[%clk 0:05:37]}  Bd4 {[%clk 0:02:49]} 25. Rxc6 {[%clk 0:05:33]}  Rxc6 {[%clk 0:02:51]} 26. Qd2 {[%clk 0:05:10]}  Ng5 {[%clk 0:02:28]} 27. Nxg5 {[%clk 0:04:50]}  hxg5 {[%clk 0:02:30]} 28. Bxg5 {[%clk 0:04:51]}  Nd7 {[%clk 0:02:10]} 29. Qe2 {[%clk 0:04:20]}  Nxe5 {[%clk 0:01:38]} 30. Kg2 {[%clk 0:04:16]}  Bxe3 {[%clk 0:01:01]} 31. Bxe3 {[%clk 0:04:14]}  Rc2 {[%clk 0:01:02]} 32. Bxb6 {[%clk 0:03:40]}  Rxe2 {[%clk 0:01:02]} 33. Bd4 {[%clk 0:03:42]}  Nc6 {[%clk 0:00:36]} 34. Bc3 {[%clk 0:03:43]}  Rc2 {[%clk 0:00:30]} 35. d4 {[%clk 0:01:08]}  Na7 {[%clk 0:00:30]} 36. Rb1 {[%clk 0:01:10]}  Nb5 {[%clk 0:00:29]} 37. Bb4 {[%clk 0:01:11]}  Nxd4 {[%clk 0:00:28]} 38. g5 {[%clk 0:01:13]}  Nc6 {[%clk 0:00:19]} 39. Be1 {[%clk 0:01:04]}  Ne5 {[%clk 0:00:17]} 40. Bc3 {[%clk 0:01:03]}  Nc4 {[%clk 0:00:09]} 41. g6 {[%clk 0:01:05]}  Rxc3 {[%clk 0:00:04]} 42. bxc3 {[%clk 0:01:05]}  Nxa3 {[%clk 0:00:05]} 43. Ra1 {[%clk 0:00:36]}  b2 {[%clk 0:00:06]} 44. Rxa3 {[%clk 0:00:37]}  b1=Q {[%clk 0:00:08]} 45. Rxa4 {[%clk 0:00:39]}  fxg6 {[%clk 0:00:07]} 46. hxg6 {[%clk 0:00:40]}  Qxg6+ {[%clk 0:00:09]} 0-1


[Site "Internet"]